Statystyki dla Zgadnij dokładną datę po nazwie wydarzenia #1

Kliknij tutaj aby rozwiązać quiz!

Ogólne statystyki

  • Ten quiz został rozwiązany 10 razy
  • Średni wynik to 3 z 14

Statystyki odpowiedzi

WydarzenieData% Poprawnych
Odzyskanie przez Polskę niepodległości w XX wieku11.11.1918
90%
Odsiecz wiedeńska12.09.1683
60%
Rozpoczęcie operacji "barbarossa"22.06.1941
50%
Podpisanie Traktatu wersalskiego11.11.1918
40%
OFICJALNE zakończenie wojny polsko bolszewickiej18.03.1921
30%
Insurekcja kościuszkowa24.03.1794
20%
Powstanie Imperium niemieckiego18.01.1871
10%
Koniec II Rewolucji francuskiej (Bonaparte przywódcą Francji)02.12.1852
0%
Początek I Rewolucji francuskiej05.05.1789
0%
Początek I Wojny bałkańskiej08.11.1912
0%
Koniec II Wojny bałkańskiej10.08.1913
0%
Początek II Rewolucji francuskiej25.02.1848
0%
Początek II Wojny bałkańskiej29.06.1913
0%
Koniec I Wojny bałkańskiej30.05.1913
0%

Rozkład punktacji

Percentyl według liczby udzielonych odpowiedzi

Procent ludzi z każdym wynikiem

Twoja historia wyników

Nie rozwiązałeś tego quizu